000 00654nam a2200205Ia 4500
003 GCL
008 140319s9999 xx 000 0 ara d
040 _aGCL /
_cGCL
082 0 4 _a025.172
_bن ت
100 1 _aناصر محمد السويدان
245 1 0 _aتعريب مصطلحات المكتبات والمعلومات وتوحيدها /
_cناصر محمد السويدان
260 _a[S.N] :
_bمكتبة الملك فهد الوطنية ،
_c1992
300 _a92 ص
490 _a
650 0 4 _aالعلم
650 0 4 _aالترجمة العربية
650 0 4 _aالمعلومات
650 0 4 _aالمكتبات
942 _2ddc
_cBK
999 _c36492
_d36492